Tomás y Valiente. Una biografía intelectual.
Đã lưu trong:
| Tác giả chính: | |
|---|---|
| Tác giả khác: | |
| Định dạng: | Sách |
| Ngôn ngữ: | Tiếng Anh |
| Được phát hành: |
Milano, Italia:
Giuffrè,
1996.
|
| Loạt: | Per la storia del pensiero giuridico moderno,
47. |
| Những chủ đề: | |
| Các nhãn: |
Thêm thẻ
Không có thẻ, Là người đầu tiên thẻ bản ghi này!
|
MARC
| LEADER | 00000nam a22000007a 4500 | ||
|---|---|---|---|
| 003 | CL-VaPUC | ||
| 005 | 20220822114437.0 | ||
| 008 | 220321t1996 ||||| |||| 00| 0 eng d | ||
| 999 | |c 434962 |d 434960 | ||
| 020 | |a 88-14-06246-3 | ||
| 040 | |c Pontificia Universidad Católica de Valparaíso | ||
| 082 | 7 | |a 340.0924 CLA 1996 |2 22 | |
| 100 | |a Clavero, Bartolomé |9 867219 |e autor | ||
| 245 | |a Tomás y Valiente. |b Una biografía intelectual. | ||
| 260 | |a Milano, Italia: |b Giuffrè, |c 1996. | ||
| 300 | |a XXXVI, 373 páginas. | ||
| 490 | |a Per la storia del pensiero giuridico moderno, |v 47. | ||
| 500 | |a c.1 Donación Familia Prof. Alejandro Guzmán Brito. | ||
| 505 | |a Índice general: - Presentación. - Sección I: Aprestos jurídicos. - Sección II: Progresión profesional. - Sección III: Afán constitucional. - Epílogo: Desinencias y raíces. - Apéndice. | ||
| 583 | |c 20220321 |k Yessy Stephany Diaz Vidal | ||
| 600 | |a Tomás y Valiente, Francisco. |d 1932-1996 |x Jurista |z España |9 870015 | ||
| 700 | |a Grossi, Paolo |e autore |9 619625 | ||
| 942 | |2 ddc |c BK |n 0 | ||
| 952 | |0 0 |1 0 |2 ddc |4 0 |6 340_092400000000000_CLA_1996 |7 0 |8 C_AGB |9 581967 |a BIBDER |b BIBDER |d 2022-03-21 |e Donación |i 5650261 |o 340.0924 CLA 1996 |p 5650261 |r 2023-01-25 |t 1 |w 2022-03-21 |y BK_US |k AGB | ||